Central Library OPAC University of Rajshahi

তুমি মুসলমান আমি হিন্দু যরে কেন ? : (Record no. 39688)

MARC details
000 -LEADER
fixed length control field 00996nam a2200229 a 4500
001 - CONTROL NUMBER
control field 39688
003 - CONTROL NUMBER IDENTIFIER
rucl marc code BD-RjUL
005 - DATE AND TIME OF LATEST TRANSACTION
control field 20211209053036.0
008 - FIXED-LENGTH DATA ELEMENTS--GENERAL INFORMATION
fixed length control field 160416b2014 bg ||||| |||| 00| 0 ben d
020 ## - INTERNATIONAL STANDARD BOOK NUMBER
Terms of availability TK.180
035 ## - SYSTEM CONTROL NUMBER
System control number (BD-RjUL)39801
040 ## - CATALOGING SOURCE
Original cataloging agency BD-RjUL
Language of cataloging ben
Transcribing agency BD-RjUL
041 ## - LANGUAGE CODE
Language code of text/sound track or separate title ben
082 ## - DEWEY DECIMAL CLASSIFICATION NUMBER
Edition number 23
Classification number 297.5492
Author mark and year UDT 2014
100 ## - MAIN ENTRY--PERSONAL NAME
Personal name উদ্দীন,মোহাম্মদ হেলাল
9 (RLIN) 122246
245 ## - TITLE STATEMENT
Title তুমি মুসলমান আমি হিন্দু যরে কেন ? :
Remainder of title মানবজাতির জন্য সংক্ষিপ্ত দাওয়াতনামা /
Statement of responsibility, etc. মুসাফির মোহাম্মদ হেলাল উদ্দীন
260 ## - PUBLICATION, DISTRIBUTION, ETC. (IMPRINT)
Place of publication, distribution, etc. রাজশাহী:
Name of publisher, distributor, etc. হাফেজ মাওলানা মো: মাসরুর বিল্লাহ,
Date of publication, distribution, etc. ২০১৪
300 ## - PHYSICAL DESCRIPTION
Pagination ২৫৬ পূ.
Size ২১ সেমি
650 ## - SUBJECT ADDED ENTRY--TOPICAL TERM
Topical term or geographic name as entry element Islam
9 (RLIN) 122247
Topical term or geographic name as entry element ইসলাম
9 (RLIN) 122248
942 ## - ADDED ENTRY ELEMENTS (KOHA)
Source of classification or shelving scheme Dewey Decimal Classification
Koha item type Books
Holdings
Lost status Source of classification or shelving scheme Damaged status Not for loan Collection code Permanent Location Current Location Shelving location Date acquired Source of acquisition Cost, normal purchase price Total Checkouts Full call number Date last seen Koha item type
  Dewey Decimal Classification   Not For Loan Non-fiction Central Library, University of Rajshahi Central Library, University of Rajshahi Reading Room 12/11/2014 RU Library 180.00   B 297.5492 UDT 2014 16/04/2016 Books